[Event "AUT-ch U14 Online Blitz"]
[Site "Playchess.com INT"]
[Date "2020.12.11"]
[Round "5"]
[White "Lerch, Johannes"]
[Black "Karner, Daniel"]
[Result "1/2-1/2"]
[WhiteElo "1835"]
[BlackElo "1751"]
[PlyCount "49"]
[EventDate "2020.12.11"]
[EventType "swiss (blitz)"]
[EventRounds "7"]
[EventCountry "AUT"]
[SourceTitle "EXT 2022"]
[Source "ChessBase"]
[SourceDate "2021.10.06"]
[SourceVersion "1"]
[SourceVersionDate "2021.10.06"]
[SourceQuality "1"]

1. e4 e5 2. Nc3 Nf6 3. f4 d6 4. Nf3 Nc6 5. Bc4 Bg4 6. d3 Be7 7. h3 Bxf3 8. gxf3 Qd7 9. Be3 Na5 10. Bb3 Nxb3 11. axb3 a6 12. f5 c5 13. Bg5 Nh5 14. h4 Bxg5 15. hxg5 Nf4 16. Ne2 Qe7 17. Nxf4 exf4 18. Rg1 f6 19. gxf6 Qxf6 20. c3 Qh4+ 21. Kf1 Qh3+ 22. Ke1 Qh4+ 23. Kf1 Qh3+ 24. Ke1 Qh4+ 25. Kf1 1/2-1/2

[Event "AUT-ch U12"]
[Site "St Kanzian"]
[Date "2018.05.21"]
[Round "5.11"]
[White "Karner, Daniel"]
[Black "Pilshofer, Paul"]
[Result "1-0"]
[WhiteElo "1410"]
[BlackElo "1063"]
[PlyCount "85"]
[EventDate "2018.05.19"]
[EventType "swiss"]
[EventRounds "7"]
[EventCountry "AUT"]
[SourceTitle "EXT 2024"]
[Source "ChessBase"]
[SourceDate "2023.10.10"]
[SourceVersion "1"]
[SourceVersionDate "2023.10.10"]
[SourceQuality "1"]

1. e4 e5 2. Nf3 Nc6 3. Bb5 Nf6 4. 0-0 d6 5. d4 Bd7 6. d5 Nd4 7. Bxd7+ Qxd7 8. Nxd4 exd4 9. Qxd4 Be7 10. Nc3 0-0 11. Bg5 c5 12. dxc6 Qxc6 13. Nd5 Nxd5 14. exd5 Qc7 15. Bxe7 Qxe7 16. Rfe1 Qc7 17. c4 Qc5 18. Qxc5 dxc5 19. Re7 b6 20. a3 Rfe8 21. Rae1 Kf8 22. Rxe8+ Rxe8 23. Rxe8+ Kxe8 24. f3 Kd7 25. Kf2 Kd6 26. Ke3 b5 27. b3 a6 28. h4 b4 29. axb4 cxb4 30. Kd4 a5 31. c5+ Kd7 32. Kc4 h6 33. f4 f6 34. f5 Kc7 35. Kb5 Kb7 36. Kxa5 Kc7 37. Kxb4 Kd7 38. c6+ Kc7 39. Kc5 h5 40. d6+ Kd8 41. c7+ Kc8 42. Kc6 g6 43. d7# 1-0

[Event "AUT-ch U12"]
[Site "St Kanzian"]
[Date "2018.05.19"]
[Round "1.3"]
[White "Karner, Daniel"]
[Black "Wendl, Philipp"]
[Result "0-1"]
[WhiteElo "1410"]
[BlackElo "1432"]
[PlyCount "34"]
[EventDate "2018.05.19"]
[EventType "swiss"]
[EventRounds "7"]
[EventCountry "AUT"]
[SourceTitle "EXT 2024"]
[Source "ChessBase"]
[SourceDate "2023.10.10"]
[SourceVersion "1"]
[SourceVersionDate "2023.10.10"]
[SourceQuality "1"]

1. e4 e5 2. Nf3 Nc6 3. Bb5 a6 4. Bxc6 dxc6 5. 0-0 Qf6 6. d4 exd4 7. e5 Qg6 8. Nxd4 Bd7 9. f4 0-0-0 10. f5 Bxf5 11. Rxf5 Qxf5 12. Be3 Qxe5 13. Qg4+ Kb8 14. Qh3 Rxd4 15. Nc3 Rd8 16. Re1 Bc5 17. b4 Qxc3 0-1

[Event "AUT-ch U12"]
[Site "St Veit"]
[Date "2017.06.06"]
[Round "7.8"]
[White "Karner, Daniel"]
[Black "Graf, Simon"]
[Result "1-0"]
[WhiteElo "1318"]
[BlackElo "1461"]
[PlyCount "127"]
[EventDate "2017.06.03"]
[EventType "swiss"]
[EventRounds "7"]
[EventCountry "AUT"]
[SourceTitle "EXT 2024"]
[Source "ChessBase"]
[SourceDate "2023.10.10"]
[SourceVersion "1"]
[SourceVersionDate "2023.10.10"]
[SourceQuality "1"]

1. e4 e5 2. Nf3 Nc6 3. Bb5 a6 4. Bxc6 dxc6 5. 0-0 f6 6. d4 exd4 7. Nxd4 c5 8. Nb3 Qxd1 9. Rxd1 Bg4 10. f3 Bd7 11. Be3 b6 12. Nc3 0-0-0 13. a4 Ne7 14. a5 c4 15. Nd4 b5 16. b3 cxb3 17. Nxb3 Nc6 18. Nd5 f5 19. Nc5 Bxc5 20. Bxc5 fxe4 21. fxe4 Bg4 22. Re1 Rhe8 23. h3 Bh5 24. Nf4 Bf7 25. Nd3 Bg6 26. Bf2 Rxe4 27. Rxe4 Bxe4 28. Bh4 Rd5 29. Nf4 Rd6 30. c3 Bc2 31. Ra2 Ba4 32. Nh5 Rh6 33. g4 g6 34. Bg5 Rxh5 35. gxh5 gxh5 36. Re2 Kd7 37. Kf2 Bb3 38. Ke1 Be6 39. h4 Nxa5 40. Rd2+ Kc6 41. Ke2 Nb3 42. Rb2 a5 43. Ke3 a4 44. Be7 Kd5 45. Bf8 c5 46. Be7 Kc6 47. Ke4 a3 48. Ra2 Nd2+ 49. Rxd2 Kb6 50. Ke5 Bc4 51. Kd6 a2 52. Rd1 b4 53. cxb4 cxb4 54. Bf6 b3 55. Rc1 Kb5 56. Bd4 Bf7 57. Rc7 Bg6 58. Rb7+ Kc4 59. Ke5 Bc2 60. Bb2 Bg6 61. Rc7+ Kb4 62. Kd4 Kb5 63. Rb7+ Ka4 64. Kc5 1-0

[Event "AUT-ch U12"]
[Site "St Veit"]
[Date "2017.06.04"]
[Round "3.13"]
[White "Lederer, Markus"]
[Black "Karner, Daniel"]
[Result "1/2-1/2"]
[WhiteElo "1492"]
[BlackElo "1318"]
[PlyCount "110"]
[EventDate "2017.06.03"]
[EventType "swiss"]
[EventRounds "7"]
[EventCountry "AUT"]
[SourceTitle "EXT 2024"]
[Source "ChessBase"]
[SourceDate "2023.10.10"]
[SourceVersion "1"]
[SourceVersionDate "2023.10.10"]
[SourceQuality "1"]

1. c4 c5 2. Nc3 Nf6 3. g3 g6 4. Bg2 Bg7 5. Nf3 0-0 6. 0-0 Nc6 7. d4 b6 8. Be3 d6 9. Qd2 Ng4 10. Ne1 Nxe3 11. fxe3 Bb7 12. Nc2 Qc7 13. Nd5 Qd7 14. a3 Na5 15. b4 Nb3 16. Qd3 Nxa1 17. Rxa1 e6 18. Nf4 Bxg2 19. Nxg2 cxd4 20. exd4 e5 21. Rd1 exd4 22. Nxd4 Bxd4+ 23. Qxd4 Rac8 24. c5 bxc5 25. bxc5 Rxc5 26. Qxc5 Qa4 27. Qxd6 Re8 28. Kf2 Qb5 29. Qd3 Qc5+ 30. Kf1 Re5 31. e4 h6 32. Re1 Rh5 33. Qe3 Qb5+ 34. Kg1 a6 35. e5 Kg7 36. Nf4 Rf5 37. g4 Rg5 38. h3 h5 39. Nxh5+ Kh6 40. h4 gxh5 41. Qxg5+ Kh7 42. Qxh5+ Kg7 43. Qf5 Qc5+ 44. Kg2 Qxa3 45. Qf6+ Kg8 46. Qd8+ Kg7 47. Rf1 Qb2+ 48. Rf2 Qxe5 49. g5 Qe4+ 50. Rf3 Qe2+ 51. Rf2 Qe4+ 52. Kg1 Qe1+ 53. Rf1 Qe3+ 54. Kh1 Qh3+ 55. Kg1 Qg3+ 1/2-1/2

[Event "AUT-ch U12"]
[Site "St Veit"]
[Date "2017.06.03"]
[Round "1.7"]
[White "Schaffner, Louie Raulito"]
[Black "Karner, Daniel"]
[Result "1-0"]
[WhiteElo "1683"]
[BlackElo "1318"]
[PlyCount "117"]
[EventDate "2017.06.03"]
[EventType "swiss"]
[EventRounds "7"]
[EventCountry "AUT"]
[SourceTitle "EXT 2024"]
[Source "ChessBase"]
[SourceDate "2023.10.10"]
[SourceVersion "1"]
[SourceVersionDate "2023.10.10"]
[SourceQuality "1"]

1. e4 e5 2. Nf3 Nc6 3. d4 exd4 4. Nxd4 Bc5 5. Nb3 Bb6 6. Nc3 Qf6 7. Qf3 Qxf3 8. gxf3 Nb4 9. Bd3 Nxd3+ 10. cxd3 Nf6 11. a4 a5 12. Nd2 d6 13. Nc4 0-0 14. Nxb6 cxb6 15. Be3 Bh3 16. Rg1 Nd7 17. d4 f6 18. Nb5 Rfc8 19. Nc3 Rf8 20. Bf4 d5 21. Nxd5 Kh8 22. Nc3 Rac8 23. Rd1 Rc4 24. Rd3 Re8 25. Rd2 Nf8 26. Be3 Bd7 27. d5 Ng6 28. Rd4 Ne5 29. Rxc4 Nxc4 30. Bc1 f5 31. Kd1 fxe4 32. fxe4 Nd6 33. f3 Nc4 34. Rg2 Rf8 35. Rf2 Ne5 36. Ke2 Nc4 37. b3 Nd6 38. Bb2 b5 39. axb5 Bxb5+ 40. Nxb5 Nxb5 41. Rg2 Rf7 42. Ke3 Kg8 43. Rc2 b6 44. Rc8+ Rf8 45. Rxf8+ Kxf8 46. Bd4 Nxd4 47. Kxd4 Ke7 48. e5 g6 49. Kc4 Kd7 50. Kb5 Kc7 51. d6+ Kb7 52. e6 Kc8 53. Kxb6 a4 54. bxa4 h5 55. a5 g5 56. a6 g4 57. fxg4 hxg4 58. a7 g3 59. a8R# 1-0